[Event "17th Hampstead: U2200"]
[Site "Hampstead"]
[Date "2014.04.12"]
[Round "2"]
[White "Carter, John"]
[Black "Modica, Jake"]
[Result "0-1"]
[WhiteElo "1755"]
[BlackElo "2050"]

1. e4 e6 2. d4 d5 3. Nc3 Nf6 4. Bg5 dxe4 5. Nxe4 Nbd7 6. Nf3 Be7 7. Bxf6 Nxf6
8. Bb5+ c6 9. Bd3 Qb6 10. O-O Nxe4 11. Bxe4 Qxb2 12. Ne5 O-O 13. Rb1 Qxa2 14.
Qh5 f5 15. Nxc6 Bf6 16. Nb4 Qc4 17. Bd3 Qxd4 18. Rfd1 Qg4 19. Qxg4 fxg4 20.
Be4 a5 21. Na2 Rb8 22. c4 Rd8 23. Rxd8+ Bxd8 24. Nc3 Be7 25. g3 b6 26. Bg2 Ba6
27. Nb5 Rd8 28. Bf1 Rd2 29. Nc7 Bc8 30. Rxb6 Bc5 31. Rb1 Bxf2+ 32. Kh1 Rd8 33.
Rb5 a4 34. Rb2 Ba7 35. Kg2 a3 36. Rc2 Bb7+ {#R} 0-1

[Event "17th Hampstead: U2200"]
[Site "Hampstead"]
[Date "2014.04.12"]
[Round "2"]
[White "Brozel, Sacha"]
[Black "Rogers, Tim"]
[Result "1-0"]
[WhiteElo "1751"]
[BlackElo "1968"]

1. d4 d5 2. c4 e6 3. Nf3 Nf6 4. g3 Nc6 5. Bg2 dxc4 6. Qa4 Bb4+ 7. Bd2 Nd5 8.
Bxb4 Ndxb4 9. Ne5 Bd7 10. Na3 a6 11. Nxd7 Qxd7 12. Rd1 Rd8 13. O-O O-O 14.
Bxc6 Nxc6 15. Qxc4 b5 16. Qc5 Nxd4 17. e3 Nf3+ 18. Kg2 Nd2 19. Nb1 Ne4 20.
Rxd7 Nxc5 21. Rxc7 Nd3 22. b3 Rc8 23. Ra7 Rc6 24. Rd1 Rd8 25. Rxd3 {#r} 1-0

[Event "17th Hampstead: U2200"]
[Site "Hampstead"]
[Date "2014.04.12"]
[Round "2"]
[White "Gaudeau, Valentin"]
[Black "Jina, Taran"]
[Result "1-0"]
[WhiteElo "1965"]
[BlackElo "1724"]

1. d4 Nf6 2. Nf3 e6 3. e3 b6 4. Bd3 Bb7 5. O-O Be7 6. Nbd2 O-O 7. e4 d5 8. e5
Nfd7 9. Re1 c5 10. c3 Nc6 11. Nf1 Qe8 12. Ng3 Rc8 13. Nh5 a6 14. Qd2 f5 15.
exf6 Nxf6 16. Nf4 cxd4 17. Nxd4 Nxd4 18. cxd4 Ne4 19. Bxe4 dxe4 20. Nxe6 Rf6
21. Ng5 Qg6 22. Qe3 Rc2 23. Qb3+ Kh8 24. Qxc2 Rc6 25. Qxe4 {#r} 1-0

[Event "17th Hampstead: U2200"]
[Site "Hampstead"]
[Date "2014.04.12"]
[Round "2"]
[White "Davies, Cledwyn"]
[Black "Landau, Jonathan"]
[Result "0-1"]
[WhiteElo "1727"]
[BlackElo "1921"]

1. e4 e5 2. Nf3 Nc6 3. d4 exd4 4. Bc4 Nf6 5. Ng5 Ne5 6. Qxd4 Nxc4 7. Qxc4 d5
8. exd5 Qxd5 9. Qxd5 Nxd5 10. O-O f6 11. Re1+ Be7 12. Ne6 Bxe6 13. Rxe6 Kf7
14. Re1 Bd6 15. Bd2 Be5 16. c3 Rad8 17. Na3 c6 18. Nc4 Bc7 19. Rad1 b5 20. Na3
Nf4 21. Bxf4 Bxf4 22. g3 Bd6 23. Nc2 Bc5 24. Nb4 Bxb4 25. cxb4 Rhe8 26. Kf1
Rxe1+ 27. Kxe1 Rxd1+ 28. Kxd1 Ke6 29. Ke2 Kd5 30. Kd3 g5 31. g4 Ke5 32. Ke3 a6
33. b3 f5 34. gxf5 Kxf5 35. h3 Ke5 36. a3 Kf5 37. Kf3 h6 38. a4 h5 39. Ke3 g4
40. h4 Ke5 41. a5 Kf5 42. f3 g3 43. f4 g2 44. Kf2 Kxf4 45. Kxg2 Kg4 46. Kh2
Kxh4 47. Kg2 Kg4 48. Kh2 Kf3 49. Kh3 {#R} 0-1

[Event "17th Hampstead: U2200"]
[Site "Hampstead"]
[Date "2014.04.12"]
[Round "2"]
[White "Millward, David"]
[Black "Gautam, Jain"]
[Result "1-0"]
[WhiteElo "1900"]
[BlackElo "1678"]

1. e4 e5 2. Nf3 Nc6 3. Bb5 a6 4. Ba4 Nf6 5. O-O Be7 6. Re1 b5 7. Bb3 O-O 8. d4
d6 9. c3 Bg4 10. Be3 exd4 11. cxd4 d5 12. e5 Ne4 13. Nc3 Nxc3 14. bxc3 Na5 15.
h3 Nxb3 16. axb3 Bh5 17. g4 Bg6 18. Nd2 f5 19. exf6 Bxf6 20. f4 Bh4 21. Re2
Bd3 22. Rg2 Qe7 23. Qf3 c6 24. Bf2 Bxf2+ 25. Rxf2 Bg6 26. Re2 Qf6 27. Rae1
Qxf4 28. Qxf4 Rxf4 29. Re6 Rc8 30. Ra1 Kf7 31. Rae1 Rc7 32. Kg2 Kf8 33. Kg3
Rff7 34. Re8# 1-0

[Event "17th Hampstead: U2200"]
[Site "Hampstead"]
[Date "2014.04.12"]
[Round "2"]
[White "Rubandhas, R Samprabhu"]
[Black "Sagues, Vincent"]
[Result "0-1"]
[WhiteElo "1675"]
[BlackElo "1898"]

1. d4 Nf6 2. Nf3 g6 3. e3 Bg7 4. Bd3 d5 5. Nbd2 O-O 6. O-O Bg4 7. c3 Nbd7 8.
e4 dxe4 9. Nxe4 Nxe4 10. Bxe4 c6 11. Re1 e5 12. Be3 f5 13. Qb3+ Kh8 14. Bg5
Qc7 15. Bc2 Bxf3 16. gxf3 Rae8 17. d5 cxd5 18. Qxd5 Nb6 19. Qd2 Nc4 20. Qc1
Qc6 21. b3 Nd6 22. Qe3 f4 23. Qd3 Nf5 24. Rad1 h6 25. Bxf4 exf4 26. Rxe8 Rxe8
27. Qd7 Qxd7 28. Rxd7 Re1+ 29. Kg2 Ne3+ 30. fxe3 Re2+ 31. Kh3 Rxc2 {#R} 0-1

[Event "17th Hampstead: U2200"]
[Site "Hampstead"]
[Date "2014.04.12"]
[Round "2"]
[White "Ilett, Raymond"]
[Black "Anbukumar, Hajane"]
[Result "1-0"]
[WhiteElo "1885"]
[BlackElo "1648"]

1. d4 Nf6 2. c4 g6 3. Nc3 Bg7 4. e4 d6 5. Nf3 O-O 6. Be2 Na6 7. Qc2 e5 8. d5
Nc5 9. O-O a5 10. Be3 b6 11. Nd2 Ng4 12. Bxg4 Bxg4 13. f3 Bd7 14. a3 f5 15. b4
Nb7 16. Nb3 f4 17. Bf2 axb4 18. axb4 Qg5 19. Kh1 Qe7 20. Nb5 Bxb5 21. cxb5 Qd7
22. Qc6 Qxc6 23. bxc6 Rxa1 24. Rxa1 Nd8 25. Ra7 Rf7 26. Bxb6 cxb6 27. Rxf7
Kxf7 28. c7 {#r} 1-0

[Event "17th Hampstead: U2200"]
[Site "Hampstead"]
[Date "2014.04.12"]
[Round "2"]
[White "Cadart, Antoine"]
[Black "Kalavannan, Koby"]
[Result "0-1"]
[WhiteElo "1630"]
[BlackElo "1881"]

1. e4 c5 2. Nf3 e6 3. d4 cxd4 4. Nxd4 a6 5. Be2 Nf6 6. Nc3 Qc7 7. O-O Bb4 8.
Qd3 Nc6 9. Bg5 Be7 10. Be3 O-O 11. a3 b5 12. f4 d5 13. e5 Nd7 14. g4 Bb7 15.
Rf3 Ncxe5 16. fxe5 Nxe5 17. Qd2 Nxf3+ 18. Bxf3 e5 19. Nf5 d4 20. Nxe7+ Qxe7
21. Bg5 f6 22. Nd5 Qf7 23. Nxf6+ gxf6 24. Bh6 Rfe8 25. Rf1 Bxf3 26. Rxf3 Kh8
27. Bg5 Re6 28. Qf2 Rf8 29. Bh6 Rg8 30. Bd2 e4 31. Rg3 e3 32. Bxe3 {#R} 0-1

[Event "17th Hampstead: U2200"]
[Site "Hampstead"]
[Date "2014.04.12"]
[Round "2"]
[White "Barasi, Paul"]
[Black "Samadov, Samir"]
[Result "1-0"]
[WhiteElo "1854"]
[BlackElo "1624"]

1. d4 d5 2. Bg5 h6 3. Bh4 Bf5 4. e3 g5 5. Bg3 Bg7 6. Bd3 Bxd3 7. cxd3 Nd7 8.
Nc3 e6 9. Nb5 e5 10. Rc1 c6 11. Nd6+ Kf8 12. Nf3 Qa5+ 13. Rc3 Qb4 14. Nf5 Qxb2
15. Rb3 Qxa2 16. O-O Ne7 17. Nxg7 Kxg7 18. Rxb7 Rhd8 19. Nxe5 Rab8 20. Rxd7
Rxd7 21. Nxd7 Rb2 22. Qf3 Rb1 23. Be5+ Kg8 24. g3 Rxf1+ 25. Kxf1 Qb1+ 26. Kg2
Qxd3 27. h4 Qe4 28. Nf6+ Kf8 29. Nxe4 dxe4 30. Qf6 Ng6 31. Qd8# 1-0

[Event "17th Hampstead: U2200"]
[Site "Hampstead"]
[Date "2014.04.12"]
[Round "2"]
[White "Parry, Jacques"]
[Black "Rabain, Melvyn"]
[Result "1-0"]
[WhiteElo "1759"]
[BlackElo "1345"]

1. d4 d5 2. Nf3 Nf6 3. c4 c6 4. Nc3 Bf5 5. cxd5 cxd5 6. Qb3 b6 7. e3 e6 8.
Bb5+ Nbd7 9. Ne5 a6 10. Nxd7 Nxd7 11. Bxd7+ Qxd7 12. Qxb6 Be7 13. Qb3 O-O 14.
O-O Bh4 15. Qd1 Qe7 16. Qe2 Qf6 17. Rd1 Qg6 18. b3 e5 19. dxe5 Rfe8 20. Bb2
Bh3 21. f3 Rxe5 22. Rxd5 Rxe3 23. Qf1 Rae8 24. Ne4 h6 25. Rd6 Re6 26. Rxe6
fxe6 27. Bd4 Rd3 28. Bf2 Rxf3 29. Ng3 Qf6 30. Re1 Bxg3 31. hxg3 Rf5 32. gxh3
g5 33. Qe2 Kf7 34. Rf1 e5 35. Be3 Kg6 36. Rxf5 Qxf5 37. Qxa6+ Kh5 38. g4+ {#r}
1-0

[Event "17th Hampstead: U2200"]
[Site "Hampstead"]
[Date "2014.04.12"]
[Round "2"]
[White "Atako, Chino"]
[Black "Ratnesan, Ranesh"]
[Result "1-0"]
[WhiteElo "2056"]
[BlackElo "1487"]

1. e4 e5 2. Qh5 Nf6 3. Qxe5+ Qe7 4. Qxe7+ Bxe7 5. Nc3 O-O 6. e5 Ng4 7. d4 Nc6
8. Nf3 d6 9. h3 Nh6 10. Bxh6 gxh6 11. Nd5 Bd8 12. O-O-O Ne7 13. Nf6+ Kg7 14.
Bd3 Bf5 15. Nh4 Bxd3 16. Rxd3 Ng6 17. Nf5+ Kh8 18. Nd7 Bg5+ 19. Kb1 Rfd8 20.
h4 Nxh4 21. Nxh4 Rxd7 22. exd6 Rxd6 23. Nf5 Re6 24. a3 Rd8 25. c3 Rd5 26. g4
c5 27. Rdh3 cxd4 28. Nxd4 Rdd6 29. Nxe6 Rxe6 30. Rf1 Re4 31. f4 Rxf4 32. Rxf4
Bxf4 33. Rf3 Bg5 34. Rxf7 Kg8 35. Rxb7 Be3 36. Kc2 Bb6 37. b4 Kf8 38. c4 Ke8
39. c5 Bd8 40. Rxh7 a5 41. b5 Bg5 42. b6 Bf4 43. c6 Kd8 44. c7+ Kc8 45. Rh8+
Kb7 46. Rb8+ Ka6 47. c8=Q+ Kb5 48. Ra8 Bg5 49. b7 Ka4 50. Qc4+ Kxa3 51. Rxa5#
1-0

[Event "17th Hampstead: U2200"]
[Site "Hampstead"]
[Date "2014.04.12"]
[Round "2"]
[White "Karia, Kamlesh"]
[Black "Prior, Stephen"]
[Result "0-1"]
[WhiteElo "1587"]
[BlackElo "2052"]

1. e4 c5 2. Nc3 g6 3. g3 Bg7 4. Bg2 Nc6 5. Nge2 e6 6. d3 Nge7 7. Bg5 h6 8. Be3
d6 9. f4 O-O 10. O-O Rb8 11. Qd2 Kh7 12. g4 f5 13. g5 h5 14. Rad1 Nd4 15. Bf2
Nec6 16. Nxd4 Nxd4 17. Ne2 Nxe2+ 18. Qxe2 Bxb2 19. Bf3 Kg7 20. Kh1 e5 21. Be3
Bd7 22. Rb1 exf4 23. Bxf4 Be5 24. Bxe5+ dxe5 25. h4 f4 26. Qd2 Bc6 27. c3 Qa5
28. Rb3 Rbd8 29. Qe2 Qc7 30. Rd1 Qd7 31. Rb2 Qh3+ 32. Kg1 Qxh4 33. Qg2 Qg3 34.
Rbd2 Qxg2+ 35. Kxg2 Rf7 36. d4 cxd4 37. cxd4 exd4 38. Rxd4 Rfd7 39. Rxd7+ Rxd7
40. Rxd7+ Bxd7 41. e5 Bc6 42. Bxc6 bxc6 43. Kf3 Kf7 44. Kxf4 Ke6 45. Ke4 c5
46. a4 h4 {#R} 0-1

[Event "17th Hampstead: U2200"]
[Site "Hampstead"]
[Date "2014.04.12"]
[Round "2"]
[White "Bonafont, Philip"]
[Black "Ivanov, Elizabeth"]
[Result "1-0"]
[WhiteElo "2045"]
[BlackElo "1592"]

1. d4 d5 2. Nf3 Nf6 3. c4 c6 4. e3 e6 5. Nc3 Bd6 6. Qc2 O-O 7. Bd2 a6 8. c5
Be7 9. Ne5 Nbd7 10. Bd3 h6 11. f4 Ne8 12. O-O f5 13. Ng6 Rf6 14. Nxe7+ Qxe7
15. b4 Rg6 16. a4 Nef6 17. b5 Ne4 18. bxc6 Nxd2 19. cxd7 Nxf1 20. dxc8=Q+ Rxc8
21. Rxf1 Qh4 22. Nxd5 exd5 23. Bxf5 Rgc6 24. Bxc8 Rxc8 25. Qf5 Rd8 26. Rb1 Kh8
27. g3 Qe7 28. Kf2 Qc7 29. Rb6 Qe7 30. Qe5 Qf7 31. Rxh6+ Kg8 32. Rd6 Re8 33.
Qxd5 Qxd5 34. Rxd5 Kf7 35. Rd7+ Re7 36. Rxe7+ Kxe7 37. e4 Ke6 38. d5+ Kd7 39.
Ke3 Kc7 40. Kd4 b6 41. cxb6+ Kxb6 42. e5 Ka5 43. e6 g5 44. e7 g4 45. e8=Q Kb4
46. Qb8+ Ka5 47. Qc7+ Kb4 48. Qb6+ Ka3 49. Kc3 Ka2 50. Qb2# 1-0

[Event "17th Hampstead: U2200"]
[Site "Hampstead"]
[Date "2014.04.12"]
[Round "2"]
[White "Balouka Myers, Gabriel"]
[Black "Farzaliyev, Kanan"]
[Result "0-1"]
[WhiteElo "1572"]
[BlackElo "1924"]

1. e4 c5 2. Nc3 d6 3. f4 g6 4. Nf3 Bg7 5. Bc4 e6 6. d3 a6 7. O-O Ne7 8. Qe1
Nbc6 9. Qh4 Nd4 10. Bb3 b5 11. Be3 Nec6 12. Qg3 b4 13. Nb1 Ne2+ {#R} 0-1

[Event "17th Hampstead: U2200"]
[Site "Hampstead"]
[Date "2014.04.12"]
[Round "2"]
[White "Pattni, Kishan"]
[Black "Larios, Rafael"]
[Result "1-0"]
[WhiteElo "1732"]
[BlackElo "1585"]

1. e4 c5 2. Nc3 g6 3. f4 Nc6 4. Nf3 Bg7 5. Bb5 a6 6. Bxc6 dxc6 7. O-O Nh6 8.
d3 Bg4 9. Qe1 e6 10. Be3 Qe7 11. Na4 Bxf3 12. Bxc5 Qd8 13. Rxf3 Bd4+ 14. Kh1
Bxc5 15. Nxc5 b6 16. Nb3 Qf6 17. Qc3 Qxc3 18. bxc3 c5 19. Nd2 O-O-O 20. a4 f6
21. Rb1 Kc7 22. Nc4 Rb8 23. h3 Nf7 24. Kg1 b5 25. axb5 Rxb5 26. Ra1 Ra8 27.
Rff1 Nd6 28. Ne3 f5 29. e5 Nc8 30. Nc4 Nb6 31. Nd6 Rb2 32. Rf2 a5 33. Ra3 a4
34. Rd2 Kc6 35. d4 Nd5 36. g3 Ne3 37. Kf2 Nxc2 38. dxc5 Kxc5 39. c4 Nxa3 40.
Rxb2 Nxc4 41. Rc2 a3 42. Rxc4+ Kd5 43. Rc1 a2 44. Ra1 Kd4 45. Nb5+ Kc4 46. Nc7
Ra3 47. Nxe6 Kc3 48. Nf8 Kb2 49. Rxa2+ Rxa2 50. Nxh7 Kc3+ 51. Kf3 Kc4 52. h4
Kd5 53. Nf8 Ra3+ 54. Kg2 Ke4 55. e6 Ra2+ 56. Kh3 Kf3 57. Nxg6 Ra1 58. Ne5+ Kf2
59. Ng4+ Kf3 60. Ne5+ Kf2 61. Ng4+ Kf3 62. Nh2+ Ke4 63. h5 Kd5 64. e7 Re1 65.
Kh4 Rxe7 66. h6 Ke6 67. Kg5 Rf7 68. Nf3 Rf6 69. Ne5 Ke7 70. h7 {#r} 1-0

[Event "17th Hampstead: U2200"]
[Site "Hampstead"]
[Date "2014.04.12"]
[Round "2"]
[White "Yang-Jian, Zhou"]
[Black "Hung, Dylan"]
[Result "1-0"]
[WhiteElo "1730"]
[BlackElo "1547"]

1. Nf3 c6 2. c4 d5 3. d4 Nf6 4. Nc3 e6 5. cxd5 exd5 6. g3 Bf5 7. Bg2 Bd6 8.
O-O O-O 9. Re1 Re8 10. Nh4 Bg6 11. Nxg6 hxg6 12. e4 dxe4 13. Nxe4 Bb4 14.
Nxf6+ gxf6 15. Rxe8+ Qxe8 16. Bd2 Bd6 17. Qf3 Nd7 18. Re1 Qd8 19. d5 Rc8 20.
dxc6 bxc6 21. Be3 Qa5 22. Rd1 Qb4 23. Bxa7 {#r} 1-0

[Event "17th Hampstead: U2200"]
[Site "Hampstead"]
[Date "2014.04.12"]
[Round "2"]
[White "Ungaro, Fabio"]
[Black "Gribben, Chris"]
[Result "0-1"]
[WhiteElo "1705"]
[BlackElo "1540"]

1. e4 e6 2. d4 d5 3. e5 c5 4. c3 Nc6 5. Nf3 cxd4 6. cxd4 Nge7 7. Be3 Nf5 8.
Be2 Qb6 9. Qd2 Bb4 10. Nc3 Bxc3 11. bxc3 Na5 12. O-O Qc7 13. c4 dxc4 14. Qb4
b6 15. Rfc1 Qe7 16. Qc3 Bb7 17. Bxc4 O-O 18. Be2 Rac8 19. Qd2 Qd7 20. Ne1 Rxc1
21. Rxc1 Rc8 22. Rxc8+ Qxc8 23. Bf3 Bxf3 24. Nxf3 Qc4 25. Qc1 Qxc1+ 26. Bxc1
Nc6 27. Be3 Nfe7 28. Kf1 Nd5 29. Bd2 h6 30. h4 b5 31. h5 Ndb4 32. a3 Nc2 33.
Bc1 N2xd4 34. Nxd4 Nxd4 35. Be3 Nc6 36. f4 a6 37. Bc5 Na5 38. Ke2 f6 39. Kd3
Nc6 40. Ke4 f5+ 41. Kd3 Kf7 42. Ke3 g6 43. hxg6+ Kxg6 44. Kf3 h5 45. Be3 Na5
46. Bc1 Nb3 47. Be3 Na5 48. Bc5 Nc6 49. Be3 a5 50. Bc5 b4 51. axb4 axb4 52.
Be3 b3 53. Bc1 Na5 {#R} 0-1

[Event "17th Hampstead: U2200"]
[Site "Hampstead"]
[Date "2014.04.12"]
[Round "2"]
[White "Balouka Myers, Reuben"]
[Black "Ivanov, George"]
[Result "0-1"]
[WhiteElo "1534"]
[BlackElo "1701"]

1. e4 e5 2. Nf3 Nc6 3. Bb5 Nf6 4. Bxc6 dxc6 5. O-O Bd6 6. d4 Qe7 7. Bg5 Bg4 8.
Re1 O-O 9. dxe5 Bxe5 10. c3 Rad8 11. Qe2 Rfe8 12. Nbd2 Qc5 13. Qe3 Qxe3 14.
Rxe3 h6 15. Nxe5 hxg5 16. Nxg4 Nxg4 17. Re2 f5 18. f3 Ne5 19. Rae1 Nd3 20. Rb1
Re7 21. Kf1 Nf4 22. Rf2 Red7 23. Rd1 Nd3 24. Re2 Nxb2 25. Rb1 Rxd2 {#R} 0-1

[Event "17th Hampstead: U2200"]
[Site "Hampstead"]
[Date "2014.04.12"]
[Round "2"]
[White "Pepe, Salvatore"]
[Black "Jina, Asha"]
[Result "1-0"]
[WhiteElo "1696"]
[BlackElo "1528"]

1. d4 Nf6 2. Nf3 g6 3. c4 Bg7 4. Nc3 d6 5. h3 O-O 6. Bf4 Nbd7 7. Qd2 Nh5 8.
Bh6 e5 9. g4 Nhf6 10. O-O-O a6 11. Bxg7 Kxg7 12. dxe5 dxe5 13. Nxe5 Qe7 14.
Nxd7 Bxd7 15. Bg2 c6 16. g5 Be6 17. gxf6+ Qxf6 18. Qd4 Bxc4 19. Qxf6+ Kxf6 20.
b3 Be6 21. Ne4+ Kg7 22. Nc5 Bc8 23. Nd7 Bxd7 24. Rxd7 Rfe8 25. e3 Rab8 26.
Rhd1 Re6 27. Rc7 Rf6 28. f4 Re6 29. e4 Rf6 30. Rf1 h5 31. h4 Rd6 32. Rd1 Rf6
33. Rf1 Rd6 34. f5 gxf5 35. Rxf5 Rf6 36. Bh3 Rxf5 37. Bxf5 Kf6 38. Kd2 Ke5 39.
Ke3 f6 40. Re7+ Kd6 41. Re6+ Kc5 42. Rxf6 Kb4 43. Be6 Ka3 44. Rf2 Re8 45. Bf7
Re5 46. Rf5 Rxf5 47. exf5 Kxa2 48. f6 b5 49. Kd4 a5 50. Kc5 a4 51. bxa4+ {#r}
1-0

[Event "17th Hampstead: U2200"]
[Site "Hampstead"]
[Date "2014.04.12"]
[Round "2"]
[White "Mitchell, Robert"]
[Black "Johnson, Elizabeth"]
[Result "1-0"]
[WhiteElo "1640"]
[BlackElo "1427"]

1. d4 d5 2. Nf3 Nc6 3. e3 Bf5 4. c4 e6 5. a3 Nf6 6. Nc3 Be7 7. Be2 O-O 8. O-O
Ne4 9. Nxe4 Bxe4 10. c5 f6 11. b4 e5 12. Bb2 Bxf3 13. Bxf3 e4 14. Be2 f5 15.
Qa4 a6 16. Qb3 f4 17. exf4 Rxf4 18. b5 axb5 19. Bxb5 Bf6 20. Bxc6 bxc6 21. a4
Rb8 22. Qa3 Qd7 23. Ra2 Bh4 24. Bc1 Rff8 25. Be3 Rf6 26. Qc1 Rg6 27. Qd1 Qh3
28. g3 Rf8 29. Qb1 h6 30. a5 Rf5 31. Qd1 Rf3 32. Re1 Bxg3 33. fxg3 Rfxg3+ 34.
Kh1 Qg2+ 35. Rxg2 Rxg2 36. Rg1 Rxg1+ 37. Bxg1 Rf6 38. a6 Rf8 39. Qa4 e3 40.
Qxc6 e2 41. Qe6+ Kh8 42. Qxe2 Ra8 43. Qb5 Ra7 44. Qb8+ Kh7 45. Qxa7 h5 46.
Qxc7 Kh6 47. Be3+ Kh7 48. a7 h4 49. Bg5 h3 50. Bf6 Kh6 51. Qxg7+ Kh5 52. Qg5#
1-0

[Event "17th Hampstead: U2200"]
[Site "Hampstead"]
[Date "2014.04.12"]
[Round "2"]
[White "Gaudeau, Alain"]
[Black "Gladstone, Joel"]
[Result "0-1"]
[WhiteElo "1090"]
[BlackElo "1637"]

1. d4 e6 2. c4 Nf6 3. Nf3 b6 4. e3 Bb7 5. Be2 Be7 6. O-O O-O 7. Nc3 d6 8. b3
Nbd7 9. Bb2 a6 10. Rc1 c6 11. Qc2 Rc8 12. Qb1 Ne8 13. Rfd1 d5 14. Ne1 Bd6 15.
Nf3 Nef6 16. h3 Re8 17. Nh2 Bxh2+ 18. Kxh2 Qc7+ 19. Kg1 Qb8 20. Ba3 c5 21. Bf3
dxc4 22. Bxb7 Qxb7 23. b4 cxb4 24. Qxb4 b5 25. Bb2 Nd5 26. Qa5 Nxc3 27. Bxc3
Nf6 28. a4 Nd5 29. Rc2 b4 30. Be1 b3 31. Rb2 Qb6 32. Rc1 Qxa5 33. Bxa5 f5 34.
Bc3 Rc6 35. g3 Rb8 36. Kg2 Nb4 37. Bxb4 Rxb4 38. Rc3 h5 39. Rbxb3 {#R} 0-1

[Event "17th Hampstead: U2200"]
[Site "Hampstead"]
[Date "2014.04.12"]
[Round "2"]
[White "Nair, Lathish"]
[Black "Karia, Rishul"]
[Result "0-1"]
[WhiteElo "1600"]
[BlackElo "1408"]

1. e4 e5 2. Nf3 Nc6 3. Bc4 Nf6 4. Nc3 Bc5 5. h3 O-O 6. d3 h6 7. O-O a6 8. Be3
Ba7 9. Bxa7 Rxa7 10. Nh2 d6 11. f4 b5 12. Bb3 Nd4 13. f5 c5 14. Ne2 Nxb3 15.
axb3 d5 16. Ng3 Rd7 17. Qf3 Bb7 18. Ng4 Nxg4 19. Qxg4 Kh7 20. f6 g6 21. h4 Rd6
22. Qf3 d4 23. h5 Bc8 24. Rf2 Be6 25. Nh1 Qd7 26. Qg3 Re8 27. Raf1 g5 28. Qxe5
Bxb3 29. Qf5+ Qxf5 30. Rxf5 Bxc2 31. R1f3 Bd1 32. Rh3 Bg4 33. Rxc5 Bxh3 34.
gxh3 Rxf6 35. Rd5 Rc8 36. Kg2 Rc2+ 37. Kg3 Rxb2 38. Rxd4 a5 39. Kg4 Rg2+ 40.
Ng3 Rf4# 0-1

[Event "17th Hampstead: U2200"]
[Site "Hampstead"]
[Date "2014.04.12"]
[Round "3"]
[White "Jaunooby, Ali"]
[Black "Millward, David J"]
[Result "1-0"]
[WhiteElo "2178"]
[BlackElo "1900"]

1. d4 Nf6 2. c4 e6 3. Nc3 d5 4. Bg5 Be7 5. e3 O-O 6. Qc2 Nc6 7. O-O-O Nb4 8.
Qb3 Ne4 9. Nxe4 dxe4 10. h4 a5 11. a3 f6 12. axb4 fxg5 13. hxg5 axb4 14. f4
exf3 15. Nxf3 Bxg5 16. Bd3 g6 17. Bb1 Bd7 18. Qd3 Qf6 19. Rh3 Rf7 20. Rdh1 e5
21. dxe5 Qe7 22. Qxg6+ Rg7 23. Rxh7 Rxg6 24. Rxe7 Bxe7 25. Bxg6 Ra1+ 26. Bb1
Bf5 27. Nd2 Bd3 28. b3 Bxb1 29. Nxb1 Bg5 30. Rh3 Kf7 31. Kb2 Ra5 32. Nd2 Ke6
33. Ne4 Rxe5 34. Nxg5+ Rxg5 35. g3 Kf5 36. Kc2 c5 37. Kd3 Kg4 38. Rh7 Kf3 39.
Rxb7 Rxg3 40. Rf7+ Kg2 41. Rf5 {#r} 1-0

[Event "17th Hampstead: U2200"]
[Site "Hampstead"]
[Date "2014.04.12"]
[Round "3"]
[White "Landau, Jonathan"]
[Black "Dignam, Matthew"]
[Result "0-1"]
[WhiteElo "1921"]
[BlackElo "2134"]

1. e4 d6 2. Nc3 Nf6 3. f4 c6 4. d4 Qa5 5. Bd3 e5 6. Nf3 Bg4 7. dxe5 dxe5 8.
fxe5 Nfd7 9. Bf4 Bb4 10. O-O Bxc3 11. bxc3 O-O 12. Qe1 Bxf3 13. Rxf3 Nxe5 14.
Rh3 Nbd7 15. Bd2 Rfe8 16. c4 Qc5+ 17. Be3 Qd6 18. Qh4 Nf8 19. c5 Qe6 20. Rg3
Nfg6 21. Qh5 Rad8 22. Qe2 Rd7 23. Bg5 f6 24. Bd2 Red8 25. h3 Nxd3 26. cxd3 Qe5
27. Qe1 Rxd3 28. Rxd3 Rxd3 29. Rd1 Qxc5+ 30. Kh1 Qd4 31. Qg1 Qxg1+ 32. Kxg1
Ne5 33. Kf2 Nc4 34. Ke2 Rxd2+ {#R} 0-1

[Event "17th Hampstead: U2200"]
[Site "Hampstead"]
[Date "2014.04.12"]
[Round "3"]
[White "Villiers, Thomas"]
[Black "Barasi, Paul"]
[Result "1-0"]
[WhiteElo "2097"]
[BlackElo "1854"]

1. c4 Nc6 2. g3 e5 3. Bg2 f5 4. Nc3 Nf6 5. d3 Be7 6. e4 d6 7. Nge2 O-O 8. O-O
Qe8 9. Nd5 Nxd5 10. cxd5 Nb8 11. Be3 c5 12. dxc6 Nxc6 13. Rc1 Qg6 14. f4 Kh8
15. Qb3 a5 16. exf5 Qh5 17. Bf3 Qh3 18. d4 a4 19. Qc3 exd4 20. Nxd4 Nxd4 21.
Bxd4 Bf6 22. Bxf6 gxf6 23. Qc7 Bxf5 24. Bxb7 Rad8 25. Qe7 Qh6 26. Bc6 d5 27.
Bxa4 Be4 28. Bc2 Rde8 29. Qc5 Rg8 30. Bxe4 dxe4 31. Qe3 Rg7 32. Rc4 f5 33. Qc3
Qa6 34. Rd1 Qg6 35. Rc5 e3 36. Re5 {#r} 1-0

[Event "17th Hampstead: U2200"]
[Site "Hampstead"]
[Date "2014.04.12"]
[Round "3"]
[White "Modica, Jake"]
[Black "Brozel, Sacha"]
[Result "1/2-1/2"]
[WhiteElo "2050"]
[BlackElo "1751"]

1. d4 Nf6 2. c4 e6 3. Nc3 Bb4 4. Qc2 d5 5. a3 Bxc3+ 6. Qxc3 Ne4 7. Qc2 c5 8.
dxc5 Nc6 9. e3 Qa5+ 10. Bd2 Qxc5 11. b4 Qe7 12. cxd5 exd5 13. Nf3 O-O 14. Be2
Bf5 15. Qa2 Rfd8 16. b5 Nxd2 17. Qxd2 Ne5 18. Nd4 Be4 19. O-O Nc4 20. Bxc4
dxc4 21. Rfc1 Qg5 22. f3 Bd3 23. Qf2 Rac8 24. a4 Qe5 25. Ra3 Rc7 26. Rac3 Re7
27. Ne2 Qxe3 28. Qxe3 Rxe3 29. Nf4 g5 30. Nxd3 cxd3 31. Rd1 {#d} 1/2-1/2

[Event "17th Hampstead: U2200"]
[Site "Hampstead"]
[Date "2014.04.12"]
[Round "3"]
[White "Sagues, Vincent"]
[Black "Gaudeau, Valentin"]
[Result "1/2-1/2"]
[WhiteElo "1898"]
[BlackElo "1965"]

1. e4 c6 2. d4 d5 3. Nc3 dxe4 4. Nxe4 Bf5 5. Ng3 Bg6 6. h4 h6 7. Nf3 Nf6 8.
Ne5 Bh7 9. Bd3 Bxd3 10. Qxd3 e6 11. Bd2 Nbd7 12. f4 Be7 13. O-O-O O-O 14. c4
Qc7 15. Bc3 Rad8 16. Qe2 b5 17. f5 exf5 18. Nxf5 Rfe8 19. Nxe7+ Rxe7 20. Qf3
Nxe5 21. dxe5 Rxd1+ 22. Rxd1 Nd7 23. cxb5 cxb5 24. Qa8+ Kh7 25. Qe4+ g6 26. e6
Rxe6 27. Qd4 Ne5 28. Kb1 a5 29. Re1 f6 30. Qd5 Qc4 31. Qxc4 bxc4 32. Bxa5 g5
33. hxg5 hxg5 34. Bc3 Kg6 35. g4 Rd6 36. Bxe5 fxe5 37. Rxe5 Rd4 38. Kc2 Rxg4
39. Kc3 Rf4 40. a4 g4 41. Re3 Kg5 42. a5 Rf5 43. Kxc4 Rxa5 44. b4 Ra8 {#d}
1/2-1/2

[Event "17th Hampstead: U2200"]
[Site "Hampstead"]
[Date "2014.04.12"]
[Round "3"]
[White "Kalavannan, Koby"]
[Black "Meikle-Briggs, Richard"]
[Result "1-0"]
[WhiteElo "1881"]
[BlackElo "1840"]

1. d4 Nf6 2. Nf3 d5 3. c4 Bg4 4. Nbd2 e6 5. g3 Bb4 6. Qa4+ Nc6 7. Ne5 O-O 8.
Nxc6 Bxd2+ 9. Bxd2 bxc6 10. Bg2 Qd7 11. Rc1 Rfd8 12. Bg5 Bf5 13. O-O h6 14.
Bxf6 gxf6 15. Rfd1 Kh7 16. Rc3 Qd6 17. Rdc1 Rab8 18. cxd5 cxd5 19. Rxc7 Rxb2
20. Qxa7 Kg6 21. Rxf7 Rg8 22. h4 e5 23. Rcc7 h5 24. Rh7 Qf8 25. Rcf7 {#r} 1-0

[Event "17th Hampstead: U2200"]
[Site "Hampstead"]
[Date "2014.04.12"]
[Round "3"]
[White "Jina, Taran"]
[Black "Atako, Chino"]
[Result "1-0"]
[WhiteElo "1724"]
[BlackElo "2056"]

1. e4 g6 2. d4 Bg7 3. Nc3 c5 4. Nf3 cxd4 5. Nxd4 Nc6 6. Be3 Nf6 7. Bc4 Qa5 8.
Bb3 O-O 9. O-O d6 10. h3 Bd7 11. f4 Nxd4 12. Bxd4 Bc6 13. Qe2 e5 14. fxe5 dxe5
15. Bf2 Nh5 16. Be3 Ng3 17. Qf3 Nxf1 18. Rxf1 Kh8 19. Qg4 f5 20. exf5 gxf5 21.
Rxf5 Rxf5 22. Qxf5 Rf8 23. Qd3 Rd8 24. Qe2 b5 25. Kh2 b4 26. Nd1 Bb5 27. Qe1
Ba4 28. Nf2 Bxb3 29. axb3 Qc7 30. Bg5 Rf8 31. Ne4 Qxc2 32. Qxb4 Qxb2 33. Bf6
Qd4 34. Qxf8# 1-0